Návrh základných opatrení ergonomickej racionalizácie na vybraných pracoviskách podniku TOPOS TOVARNÍKY, a.s.

Salvato in:
Dettagli Bibliografici
Autore principale: Kostolný, Šimon, 1991- (Autore)
Altri autori: Hatiar, Karol, 1949- (Relatore della tesi)
Natura: Manoscritto Libro
Lingua:slovacco
Pubblicazione: Trnava : STU v Bratislave MTF UPMK, 2014
Soggetti:
Accesso online:VAIS
Tags: Aggiungi Tag
Nessun Tag, puoi essere il primo ad aggiungerne!!

MARC

LEADER 00000ntm a22000003a 4500
001 stu293037
005 20150617230254.5
008 140708s2014----xo------------------slo-d
040 |a STU  |b slo 
041 0 |a slo 
044 |a xo 
100 1 |a Kostolný, Šimon,  |d 1991-  |4 aut  |u M  |T MTF Materiálovotechnologická fakulta  |X 6752  |U M  |Y 60  |7 A000006752 
242 0 0 |a Proposal of basic measures of ergonomic rationalization focused on selected workplaces in company TOPOS TOVARNÍKY, a.s.  |y eng 
245 1 |a Návrh základných opatrení ergonomickej racionalizácie na vybraných pracoviskách podniku TOPOS TOVARNÍKY, a.s. 
260 |a Trnava :  |b STU v Bratislave MTF UPMK,  |c 2014 
300 |a 43s  |c CD 
650 7 |a priemyselné manažérstvo  |2 stusub 
650 7 |a Industrial Management  |2 estusub 
650 7 |a ergonomics  |2 estusub 
650 7 |a ergonómia  |2 stusub 
700 1 |a Hatiar, Karol,  |d 1949-  |4 ths  |u M4000  |U MTF Materiálovotechnologická fakulta  |T MTF Ústav priemyselného inžinierstva a manažmentu  |X 326  |U M4000  |Y 84  |7 A000000326 
856 4 |a info a plný text  |u http://is.stuba.sk/zp/portal_zp.pl?podrobnosti=102408  |3 VAIS 
996 |c M*BP-6977  |l MMSKP  |s P  |a 0  |w stu293037_0001